LEADER 01338nam a2200301 u 4500 001 000000078990 003 CaOOAMICUS 005 20070226123506.0 008 040520s1998 gr b u000 u fre u 020 $a9603560626 035 $a10996090 040 $aPUL$bita 100 1 $aPapathomas, Archim. Grigorios D.$0(OLS)http://pul/name/52642 245 13$aL'Eglise de Grèce dans l'Europe unie :$b(approche nomocanonique) /$cArchim. Grigorios D. Papathomas. 260 $aAthènes :$bEpektasis,$c1998. 300 $a1001 p. :$bc. geogr. ;$c21 cm 490 1 $aBibliothèque nomocanonique ;$v3 504 $aBibliografia: p. 461-486. 610 24$aChiesa ortodossa.$0(OLS)http://pul/subject/754 650 4$aChiesa greca$xStoria.$0(OLS)http://pul/subject/27494 651 4$aEuropa$xUnificazione.$0(OLS)http://pul/subject/37476 830 0$aBibliothèque nomocanonique ;$v3.$0(OLS)http://pul/title/103390 850 $aPUL 852 $aPUL$W1$xSL Religione 1$y3$m69 B 28.3$j101186$nBK-PRI$b $qStampati$B101186$CPULBib$Z2$F101186 $HPUL90556 $81 941 1 $a8 996 $6020$a9603560626$9(OLS)http://pul/number/103627 996 $6245$aL'Eglise de Grèce dans l'Europe unie :$b(approche nomocanonique)$9(OLS)http://pul/title/103391 996 $6260$aAthènes :$bEpektasis$9(OLS)http://pul/publisher/75535 LEADER 00930nam a2200253 u 4500 001 000000108827 003 CaOOAMICUS 005 20071212161441.0 008 071212s1988 it u000 u ita u 040 $aPUL(R)$bita$dBc 100 1 $aGuarino, Antonio.$0(OLS)http://pul/name/17075 245 10$aDiritto privato romano /$cAntonio Guarino. 250 $a8. ed. 260 $aNapoli :$bJovene,$c1988. 300 $a967 p. ;$c24 cm. 500 $aContiene indici. 504 $aBibliografia in nota. 650 4$aDiritto romano privato.$0(OLS)http://pul/subject/988 850 $aPUL 852 $aPUL$W1$xDP2 Diritto e Scienze Sociali 1$y65$m183 D 75$j124160$qStampati$B123028$CPULBib$Z2$F123028 $H59713 $82 941 1 $a8 960 $aDiritto privato romano$9988 996 $6245$aDiritto privato romano$9(OLS)http://pul/title/36995 996 $6260$aNapoli :$bJovene$9(OLS)http://pul/publisher/47845